000 00723nam a2200253Ia 4500
003 OSt
005 20220926014355.0
006 a|||||r|||| 00| 0
007 ta
008 220923b |||||||| |||| 00| 0 eng d
020 _a0070400539
037 _cGeneral Book
040 _aRTL
_cRTL
_beng
041 _2eng
_aeng
082 _aX:71, L2
100 _aMantell Leroy H.
_9320511
245 0 _aEconomics for business decision
260 _aNew York
_bMcGraw Hill U. S. A.
_c1972
300 _axix, 460p. Appendixes p.363-73
_ccm.
650 _aMicroeconomics
700 _a Sing Francis P.
_9320512
942 _hX:71, L2
_cGB
_2CC
999 _c628851
_d628851